000 00512nam a2200169Ia 4500
999 _c21227
_d21227
003 OSt
005 20200608110245.0
008 190216s9999||||xx |||||||||||||| ||und||
020 _a9788176257954
040 _coclc
082 _a341.5448
_bDAS/H
100 _aDas, Asish Kumar
_92609
245 0 _aHuman Rights In India /
_cAsish Kumar Das ; Prasant Kumar Mohanty
260 _bSarup & Sons,
_c2008.
_aNew Delhi:
300 _a267p
942 _cBK
_2ddc
_h341.5448
_iDAS/H
_k341.5448
_mDAS/H